Responses for Show #8185 - Friday, March 20, 2020

Contestants

[<< previous game]

Abhijit Khanna, a software developer from Washington, D.C.

Katy Cummings, an attorney from Pasadena, California

Michonne Omo, a staff attorney from Walnut Creek, California (whose 1-day cash winnings total $15,800)

[next game >>]

Jeopardy! Round responses

AMERICAN POETRY
THIS PLANET
WORDS WITH 5 VOWELS
(Alex: Not necessarily the same vowels.)
RUNNING GAGS
PAY UP
WE KNEAD THE BREAD
    $200 11
bells

Michonne
    $200 6
Venus

Katy
    $200 17
audition

Katy
    $200 13
(Alex: Yes, a great running gag.)

Matt Damon

Abhijit
    $200 1
a vacuum

Michonne
    $200 14
yeast

Katy
    $400 12
Frost

Michonne
    $400 7
Jupiter

Katy
    $400 18
an aquarium

Michonne
    $400 20
[Audience laughs after the clue is read]

The Office

Abhijit
    $400 2
Charles Schwab

Katy
    $400 15
Exodus

Katy
    $600 8
Mercury

Katy
    $600 19
(Abhijit: What is the viewfinder?)

the eyepiece

Abhijit
Triple Stumper
    $600 21
Barney

Katy
    $600 3
(Michonne: What is Eurail?)
(Alex: Say it--)
(Michonne: A [*]?)

a Eurail Pass

Michonne
    $600 16
gluten

Abhijit
    $800 28
the Brooklyn Bridge

Triple Stumper
    $1,600 9
(Katy: Um, what is Neptune?)

Saturn

Katy
    $800 29
[The end-of-round signal sounds.]

evacuate

Abhijit
    $800 22
Seinfeld

Michonne
    $800 4
(Alex: Yeah, good-looking car.)

Porsche

Michonne
    $800 24
rye

Triple Stumper
    $1000 27
Laugh, and the world laughs with you

Triple Stumper
    $1000 10
(Abhijit: What is Uranus?)

Neptune

KatyAbhijit
    $1000 26
a boutique

Michonne
    $1000 23
Murphy Brown

Katy
    $1000 5
Prada

Abhijit
    $1000 25
(Alex: Less than a minute to go...)

lavash

Triple Stumper

Scores at the first commercial break (after clue 15):

Michonne Katy Abhijit
$2,200 $1,600 $200

Scores at the end of the Jeopardy! Round:

Michonne Katy Abhijit
$4,400 $3,400 $1,400

Double Jeopardy! Round responses

CLASSICAL MUSIC
QUOTING THE COMEDY FILM
GAME "OVER"
POLITICAL PARLANCE
HISTORIC NAMES
FOREIGN FLAGS
    $400 22
Chopin

Michonne
    $400 8
Bring It On

Michonne
    $400 6
(Katy: I'm sorry.)

overshoes

Katy
Triple Stumper
    $400 7
(Michonne: What is a roll vote? [*]?)
(Alex: Thank you.)

roll call

Michonne
    $400 1
Emperor of Rome

Abhijit
    $400 21
Amsterdam

Michonne
    $2,000 23
"Pomp And Circumstance"

Michonne
    $800 9
Ghostbusters

Michonne
    $800 17
turnover

Katy
    $800 13
delegates

Katy
    $800 2
de Medici

Abhijit
    $800 30
Iraq

Katy
    $1200 24
Vivaldi

Abhijit
    $1200 10
Zoolander

Katy
    $1200 18
over the counter

Abhijit
    $1200 14
barnstorm

Katy
    $1,200 3
Mary, Queen of Scots

Abhijit
    $1200 29
Belgium

Triple Stumper
    $1600 25
Puccini

Michonne
    $1600 11
Old School

Michonne
    $1600 19
overstock.com

Abhijit
    $1600 15
canvass

Abhijit
    $1600 4
Salah ad-Din

Abhijit
    $1600 27
Taiwan

Katy
    $2000 26
"O Fortuna"

Michonne
    $2000 12
The Hangover

Katy
    $2000 20
"We Shall Overcome"

Katy
    $2000 16
(Abhijit: What is a silo?)

a hopper

Abhijit
Triple Stumper
    $2000 5
Bartolomeu Dias

Triple Stumper
    $2000 28
(Abhijit: [Stammering] What is [*]?)
(Alex: Say it again. We're gonna give it to you.)

Tenochtitlan

Abhijit

Scores at the end of the Double Jeopardy! Round:

Michonne Katy Abhijit
$14,000 $13,400 $11,000

[wagering suggestions for these scores]

Final Jeopardy! Round responses

WOMEN AUTHORS
AbhijitWho is Hillary Clinton?
$4,300
KatyWho is Albright?
$12,000
MichonneWho is ??
$7,000
Isabel Allende

Final scores:

Michonne Katy Abhijit
$7,000 $1,400 $6,700
2-day champion: $22,800 3rd place: $1,000 2nd place: $2,000

Game dynamics:

Coryat scores:

Michonne Katy Abhijit
$12,800 $15,000 $11,000
17 R
(including 1 DD),
0 W
18 R,
2 W
(including 1 DD)
14 R
(including 1 DD),
3 W

Combined Coryat: $38,800

[game clues] [game scores] [suggest correction]

Game tape date: 2020-01-15
The J! Archive is created by fans, for fans. Scraping, republication, monetization, and malicious use prohibited; this site may use cookies and collect identifying information. See terms. The Jeopardy! game show and all elements thereof, including but not limited to copyright and trademark thereto, are the property of Jeopardy Productions, Inc. and are protected under law. This website is not affiliated with, sponsored by, or operated by Jeopardy Productions, Inc. Join the discussion at JBoard.tv.